[Event "EYCC Open-U12 2019"]
[Site "Bratislava"]
[Date "2019.08.10"]
[Round "9.8"]
[White "Fiszer, Bartosz"]
[Black "Ciric, Pavle"]
[Result "1-0"]
[WhiteElo "2124"]
[BlackElo "1987"]
[Annotator "NA"]
[PlyCount "61"]
[EventDate "2019.08.02"]
[EventType "swiss"]
[EventCountry "SVK"]
[SourceTitle "playchess.com"]
[Source "ChessBase"]
[SourceQuality "1"]
[TimeControl "40/5400+30:1800+30"]

1. e4 {[%emt 0:00:00]} e6 {[%emt 0:00:00]} 2. d4 {[%emt 0:00:00]} d5 {[%emt 0:00:00]} 3. Nd2 {[%emt 0:00:04]} Nf6 {[%emt 0:01:29]} 4. e5 {[%emt 0:00:07]} Nfd7 {[%emt 0:00:04]} 5. f4 {[%emt 0:00:09]} c5 {[%emt 0:00:05]} 6. c3 {[%emt 0:00:04]} Nc6 {[%emt 0:00:02]} 7. Ndf3 {[%emt 0:00:14]} Be7 {[%emt 0:04:41]} 8. Bd3 {[%emt 0:00:15]} f5 {[%emt 0:06:43]} 9. Ne2 {[%emt 0:07:15]} O-O {[%emt 0:00:10]} 10. O-O {[%emt 0:00:07]} b6 {[%emt 0:05:47]} 11. Kh1 {[%emt 0:00:28]} a5 {[%emt 0:06:29]} 12. Be3 {[%emt 0:10:56]} Ba6 {[%emt 0:00:18]} 13. Bb1 {[%emt 0:00:30]} Kh8 {[%emt 0:08:37]} 14. h3 {[%emt 0:02:36]} Qe8 {[%emt 0:04:35]} 15. g4 {[%emt 0:02:59]} g6 {[%emt 0:00:43]} 16. Rf2 {[%emt 0:01:55]} Bxe2 {[%emt 0:00:45]} 17. Qxe2 {[%emt 0:00:39]} Rb8 {[%emt 0:04:23]} 18. Bc2 {[%emt 0:04:31]} b5 {[%emt 0:02:34]} 19. Rg1 {[%emt 0:01:10]} c4 {[%emt 0:03:58]} 20. h4 {[%emt 0:02:21]} Rg8 {[%emt 0:09:43]} 21. Rh2 {[%emt 0:21:33]} Qf7 {[%emt 0:08:29]} 22. h5 {[%emt 0:02:39]} gxh5 {[%emt 0:01:09]} 23. gxf5 {[%emt 0:07:29]} exf5 {[%emt 0:00:24]} 24. Ne1 {[%emt 0:02:27]} Rg4 {[%emt 0:02:26]} 25. Rxg4 {[%emt 0:06:59]} hxg4 {[%emt 0:00:28]} 26. Rh6 {[%emt 0:00:08]} Nd8 {[%emt 0:01:51]} 27. Qh2 {[%emt 0:00:04]} Rb6 {[%emt 0:15:27]} 28. Rh5 {[%emt 0:00:30]} g3 {[%emt 0:00:51]} 29. Qh3 {[%emt 0:00:07]} Nf8 {[%emt 0:00:21]} 30. Rxf5 {[%emt 0:00:47]} Qe6 {[%emt 0:03:18]} 31. Rxf8+ {[%emt 0:00:14]} 1-0

[Event "EYCC Open-U12 2019"]
[Site "Bratislava"]
[Date "2019.08.10"]
[Round "9.9"]
[White "Navumenka, Mikhei"]
[Black "von Mettenheim, Johannes"]
[Result "1-0"]
[WhiteElo "2196"]
[BlackElo "1809"]
[Annotator "NA"]
[PlyCount "55"]
[EventDate "2019.08.02"]
[EventType "swiss"]
[EventCountry "SVK"]
[SourceTitle "playchess.com"]
[Source "ChessBase"]
[SourceQuality "1"]
[TimeControl "40/5400+30:1800+30"]

1. e4 {[%emt 0:00:00]} c6 {[%emt 0:00:00]} 2. d4 {[%emt 0:00:00]} d5 {[%emt 0:00:00]} 3. exd5 {[%emt 0:00:00]} cxd5 {[%emt 0:00:00]} 4. c4 {[%emt 0:00:06]} Nf6 {[%emt 0:00:00]} 5. Nc3 {[%emt 0:00:05]} Nc6 {[%emt 0:00:29]} 6. Nf3 {[%emt 0:00:18]} Bg4 {[%emt 0:00:18]} 7. cxd5 {[%emt 0:01:14]} Nxd5 {[%emt 0:00:14]} 8. Qb3 {[%emt 0:00:27]} Bxf3 {[%emt 0:00:31]} 9. gxf3 {[%emt 0:00:04]} e6 {[%emt 0:00:18]} 10. Qxb7 {[%emt 0:01:22]} Nxd4 {[%emt 0:00:02]} 11. Bb5+ {[%emt 0:00:36]} Nxb5 {[%emt 0:00:02]} 12. Qc6+ {[%emt 0:00:09]} Ke7 {[%emt 0:00:01]} 13. Qc5+ {[%emt 0:04:17]} Nd6 {[%emt 0:07:20]} 14. Nxd5+ {[%emt 0:00:11]} exd5 {[%emt 0:00:02]} 15. O-O {[%emt 0:00:17]} Qc8 {[%emt 0:06:23]} 16. Qxd5 {[%emt 0:00:44]} Qb7 {[%emt 0:01:12]} 17. Qe5+ {[%emt 0:00:50]} Kd7 {[%emt 0:00:13]} 18. Bf4 {[%emt 0:08:31]} Qb5 {[%emt 0:08:40]} 19. Qd4 {[%emt 0:02:08]} Qc4 {[%emt 0:00:29]} 20. Qd2 {[%emt 0:00:23]} Re8 {[%emt 0:02:35]} 21. Rfd1 {[%emt 0:07:40]} Re2 {[%emt 0:01:55]} 22. Qa5 {[%emt 0:02:24]} a6 {[%emt 0:06:49]} 23. Bxd6 {[%emt 0:16:45]} Bxd6 {[%emt 0:00:01]} 24. Rac1 {[%emt 0:00:02]} Rc2 {[%emt 0:07:02]} 25. Qf5+ {[%emt 0:01:59]} Ke7 {[%emt 0:00:31]} 26. Rxc2 {[%emt 0:00:26]} Qh4 {[%emt 0:00:15]} 27. Rc7+ {[%emt 0:00:32]} Bxc7 {[%emt 0:00:06]} 28. Rd7+ {[%emt 0:00:07]} 1-0

[Event "EYCC Open-U12 2019"]
[Site "Bratislava"]
[Date "2019.08.10"]
[Round "9.10"]
[White "Magold, Filip"]
[Black "Macias Pino, Diego"]
[Result "1/2-1/2"]
[WhiteElo "1865"]
[BlackElo "2150"]
[Annotator "NA"]
[PlyCount "127"]
[EventDate "2019.08.02"]
[EventType "swiss"]
[EventCountry "SVK"]
[SourceTitle "playchess.com"]
[Source "ChessBase"]
[SourceQuality "1"]
[TimeControl "40/5400+30:1800+30"]

1. e4 {[%emt 0:00:00]} c6 {[%emt 0:00:00]} 2. d4 {[%emt 0:00:00]} d5 {[%emt 0:00:00]} 3. e5 {[%emt 0:00:00]} c5 {[%emt 0:00:09]} 4. dxc5 {[%emt 0:00:00]} e6 {[%emt 0:00:11]} 5. Nf3 {[%emt 0:00:16]} Bxc5 {[%emt 0:00:33]} 6. a3 {[%emt 0:00:19]} Ne7 {[%emt 0:00:53]} 7. b4 {[%emt 0:00:18]} Bb6 {[%emt 0:00:05]} 8. Bb2 {[%emt 0:00:12]} Ng6 {[%emt 0:01:28]} 9. Nbd2 {[%emt 0:05:16]} a5 {[%emt 0:02:12]} 10. b5 {[%emt 0:01:02]} Nd7 {[%emt 0:07:49]} 11. c4 {[%emt 0:05:01]} O-O {[%emt 0:10:33]} 12. Be2 {[%emt 0:11:42]} Bc7 {[%emt 0:11:36]} 13. O-O {[%emt 0:24:58]} Ndxe5 {[%emt 0:04:14]} 14. Qb3 {[%emt 0:01:34]} Nf4 {[%emt 0:25:16]} 15. Nxe5 {[%emt 0:07:28]} Nxe2+ {[%emt 0:01:10]} 16. Kh1 {[%emt 0:01:38]} d4 {[%emt 0:10:17]} 17. Nd3 {[%emt 0:03:31]} Bxh2 {[%emt 0:02:31]} 18. Rae1 {[%emt 0:03:04]} Bc7 {[%emt 0:01:56]} 19. Nf3 {[%emt 0:01:54]} Nf4 {[%emt 0:01:05]} 20. Nxf4 {[%emt 0:00:17]} Bxf4 {[%emt 0:00:01]} 21. Bxd4 {[%emt 0:00:08]} f6 {[%emt 0:05:10]} 22. c5 {[%emt 0:05:59]} Kh8 {[%emt 0:01:29]} 23. c6 {[%emt 0:00:52]} e5 {[%emt 0:01:32]} 24. Bc5 {[%emt 0:00:08]} Rg8 {[%emt 0:00:47]} 25. b6 {[%emt 0:01:31]} Qe8 {[%emt 0:00:54]} 26. g3 {[%emt 0:03:21]} Qxc6 {[%emt 0:04:51]} 27. gxf4 {[%emt 0:00:09]} e4 {[%emt 0:02:00]} 28. Nh4 {[%emt 0:03:43]} Qxc5 {[%emt 0:00:35]} 29. Rxe4 {[%emt 0:02:33]} Qh5 {[%emt 0:00:20]} 30. Qg3 {[%emt 0:00:22]} g5 {[%emt 0:03:20]} 31. fxg5 {[%emt 0:00:07]} Qxg5 {[%emt 0:00:25]} 32. Qxg5 {[%emt 0:02:04]} fxg5 {[%emt 0:00:02]} 33. Nf3 {[%emt 0:00:14]} Ra6 {[%emt 0:00:53]} 34. Re5 {[%emt 0:04:34]} Rxb6 {[%emt 0:00:51]} 35. Rxa5 {[%emt 0:01:02]} Bd7 {[%emt 0:00:30]} 36. Ne5 {[%emt 0:00:22]} Be6 {[%emt 0:00:01]} 37. Rc1 {[%emt 0:00:37]} h6 {[%emt 0:02:00]} 38. Rc7 {[%emt 0:00:49]} Rg7 {[%emt 0:00:03]} 39. Rac5 {[%emt 0:02:51]} Rb3 {[%emt 0:00:56]} 40. a4 {[%emt 0:00:00]} Ra3 {[%emt 0:00:00]} 41. a5 {[%emt 0:04:15]} Kh7 {[%emt 0:10:18]} 42. Kh2 {[%emt 0:02:14]} Rb3 {[%emt 0:01:35]} 43. Rxg7+ {[%emt 0:06:39]} Kxg7 {[%emt 0:00:02]} 44. Rc7+ {[%emt 0:00:07]} Kf6 {[%emt 0:04:43]} 45. Nd7+ {[%emt 0:00:54]} Bxd7 {[%emt 0:00:04]} 46. Rxd7 {[%emt 0:00:01]} Kf5 {[%emt 0:03:43]} 47. Kg2 {[%emt 0:00:24]} Rb5 {[%emt 0:03:17]} 48. Kg3 {[%emt 0:01:33]} Rb3+ {[%emt 0:01:47]} 49. Kg2 {[%emt 0:00:08]} h5 {[%emt 0:01:19]} 50. Rd6 {[%emt 0:00:39]} h4 {[%emt 0:00:52]} 51. a6 {[%emt 0:00:57]} bxa6 {[%emt 0:00:04]} 52. Rxa6 {[%emt 0:00:01]} Rc3 {[%emt 0:01:27]} 53. Rb6 {[%emt 0:00:20]} Ra3 {[%emt 0:00:06]} 54. Rc6 {[%emt 0:00:03]} Kg4 {[%emt 0:00:09]} 55. Rc4+ {[%emt 0:00:05]} Kh5 {[%emt 0:00:05]} 56. Rb4 {[%emt 0:00:14]} h3+ {[%emt 0:01:31]} 57. Kh2 {[%emt 0:00:04]} g4 {[%emt 0:00:05]} 58. Rf4 {[%emt 0:00:16]} Kh4 {[%emt 0:01:12]} 59. Rf8 {[%emt 0:00:10]} Kg5 {[%emt 0:00:28]} 60. Rg8+ {[%emt 0:00:28]} Kf4 {[%emt 0:00:16]} 61. Rf8+ {[%emt 0:00:31]} Ke4 {[%emt 0:00:26]} 62. Rg8 {[%emt 0:00:33]} Kf3 {[%emt 0:00:23]} 63. Rf8+ {[%emt 0:00:06]} Ke2 {[%emt 0:00:04]} 64. Rf4 1/2-1/2

[Event "EYCC Open-U12 2019"]
[Site "Bratislava"]
[Date "2019.08.10"]
[Round "9.11"]
[White "Ristic, Luka"]
[Black "Meers, Hubert"]
[Result "0-1"]
[WhiteElo "2113"]
[BlackElo "2141"]
[Annotator "TA"]
[PlyCount "86"]
[EventDate "2019.08.02"]
[EventType "swiss"]
[EventCountry "SVK"]
[SourceTitle "playchess.com"]
[Source "ChessBase"]
[SourceQuality "1"]

{[%evp 9,86,0,0,-2,18,11,20,14,18,18,18,27,41,36,46,22,21,21,75,46,49,7,9,-9,53,-115,-63,-228,-228,-319,-341,-465,-459,-472,-463,-625,-628,-587,-529,-1279,-1268,-1210,-1111,-1270,-1279,-1233,-1211,-1118,-1094,-1312,-1274,-1748,-1647,-2050,-1956,-29979,-29980,-29977,-29977,-5273,-1493,-29984,-29985,-29984,-29983,-29987,-29988,-29995,-29995,-29995,-29993,-29993,-29988,-29992,-29986,-29986,-29987,-29987,-29988]} 1. e4 c6 2. d4 d5 3. exd5 cxd5 4. Bf4 Nc6 5. c3 Bf5 (5... Nf6 6. Nd2 Bg4 7. Qb3 Qc8 8. Ngf3 e6 9. Bd3 Bh5 10. O-O Bg6 11. Bxg6 hxg6 12. Rae1 Be7 13. g3 O-O 14. Ne5 Nxe5 15. dxe5 Nd7 16. h4 Nc5 17. Qc2 Qc6 18. Re3 Qa6 19. Qb1 Rac8 20. Kg2 b5 {0-1 (50) Duda,J (2738)-Van Foreest,J (2612) Wijk aan Zee 2019}) 6. Nd2 {B13: Caro-Kann: Exchange Variation and Panov-Botvinnik Attack} Nf6 7. Qb3 Qd7 8. Ngf3 {The position is equal.} a6 9. Be2 e6 10. Nh4 h6 $146 ({Predecessor:} 10... Be4 11. Nxe4 Nxe4 12. Nf3 Be7 {½-½ (64) Michna,M (2376)-Hector,J (2479) Germany 2017}) 11. Nxf5 exf5 12. O-O-O Be7 13. Nf3 g5 (13... Ne4 $11) 14. Be5 $16 O-O {With the idea ...Ne4.} 15. h4 (15. Bxf6 $5 Bxf6 16. Bd3 $11) 15... g4 $36 {[%mdl 2048] Black is pushing.} 16. Ne1 b5 (16... Nxe5 $11 17. dxe5 Ne4) 17. Bf4 $2 (17. Nd3 $14) 17... b4 (17... Rfc8 $17 {White must now prevent ...Qe6.} 18. Kb1 (18. Bxh6 $2 Qe6 $19) 18... Qe6) 18. Nd3 $2 ({White should play} 18. cxb4 $1 $15 Rfe8 19. Nc2) 18... bxc3 $19 19. bxc3 Rfc8 {Hoping for ...Nxd4.} 20. Nc5 Bxc5 21. dxc5 Qe7 $1 {[%csl LRc5,LRe2]} 22. Qb2 {White wants to play Bd6.} Qxc5 23. c4 d4 24. f3 Nd5 25. Bh2 Ne3 26. Rd2 {[#]} Rab8 $1 {[%mdl 512]} 27. Bxb8 Rxb8 28. Qxb8+ Nxb8 29. Kb1 Nc6 30. fxg4 fxg4 31. Rc1 Ne5 32. g3 N5xc4 33. Bxc4 Nxc4 34. Ka1 Qb5 35. a4 Qxa4+ {Black mates.} 36. Ra2 Qb3 37. h5 d3 38. Rh2 d2 39. Rxd2 Qa3+ 40. Kb1 Nxd2+ 41. Kc2 {[#]} Qxc1+ $1 42. Kxc1 Ne4 43. Kc2 Nxg3 {Accuracy: White = 28%, Black = 52%.} 0-1

[Event "EYCC Open-U12 2019"]
[Site "Bratislava"]
[Date "2019.08.10"]
[Round "9.12"]
[White "Habans Aguerrea, Javier"]
[Black "Kluehs, Gustaf"]
[Result "1-0"]
[WhiteElo "2083"]
[BlackElo "1811"]
[Annotator "NA RC"]
[PlyCount "49"]
[EventDate "2019.08.02"]
[EventType "swiss"]
[EventCountry "SVK"]
[SourceTitle "playchess.com"]
[Source "ChessBase"]
[SourceQuality "1"]
[TimeControl "40/5400+30:1800+30"]

1. d4 {[%emt 0:00:00]} g6 {[%emt 0:00:00]} 2. e4 {[%emt 0:00:00]} Bg7 {[%emt 0:00:00]} 3. Nf3 {[%emt 0:01:05]} d6 {[%emt 0:01:59]} 4. Nc3 {[%emt 0:00:11]} Nc6 {[%emt 0:01:23]} 5. Bc4 {[%emt 0:00:58]} e5 {[%emt 0:03:54]} 6. dxe5 {[%emt 0:01:07]} Nxe5 {[%emt 0:01:43]} 7. Nxe5 {[%emt 0:00:14]} Bxe5 {[%emt 0:00:10]} 8. f4 {[%emt 0:07:20]} Bg7 {[%emt 0:02:58]} 9. O-O {[%emt 0:01:06]} Be6 {[%emt 0:09:57]} 10. Bxe6 {[%emt 0:02:13]} fxe6 {[%emt 0:00:03]} 11. f5 {[%emt 0:00:15]} Qe7 {[%emt 0:02:30]} 12. fxg6 {[%emt 0:05:17]} O-O-O {[%emt 0:01:19]} 13. Rf7 {[%emt 0:00:28]} Qh4 {[%emt 0:01:00]} 14. g3 {[%emt 0:07:43]} Qh3 {[%emt 0:01:31]} 15. Rxg7 {[%emt 0:00:40]} hxg6 {[%emt 0:00:11]} 16. Qe2 {[%emt 0:01:58]} Nf6 {[%emt 0:05:44]} 17. Rxg6 {[%emt 0:06:41]} Rdf8 {[%emt 0:01:13]} 18. Be3 {[%emt 0:12:23]} Nd7 {[%emt 0:05:46]} 19. Bf4 {[%emt 0:07:19]} d5 {[%emt 0:03:54]} 20. exd5 {[%emt 0:06:11]} e5 {[%emt 0:00:09]} 21. Be3 {[%emt 0:01:25]} e4 {[%emt 0:02:35]} 22. Bf4 {[%emt 0:04:10]} e3 {[%emt 0:03:06]} 23. Qg2 {[%emt 0:05:45]} Qh7 {[%emt 0:02:39]} 24. Rh6 {[%emt 0:00:35]} Rxf4 {[%emt 0:02:47]} 25. Rxh7 1-0

[Event "EYCC Open-U12 2019"]
[Site "Bratislava"]
[Date "2019.08.10"]
[Round "9.13"]
[White "Bakiev, Diyor"]
[Black "Suleymanov, Ali"]
[Result "1-0"]
[WhiteElo "2121"]
[BlackElo "1733"]
[Annotator "TA"]
[PlyCount "83"]
[EventDate "2019.08.02"]
[EventType "swiss"]
[EventCountry "SVK"]
[SourceTitle "playchess.com"]
[Source "ChessBase"]
[SourceQuality "1"]

{[%evp 30,83,34,22,64,59,77,47,55,50,90,72,91,0,173,105,139,158,143,134,291,288,323,216,220,223,289,280,261,179,232,232,275,224,317,292,466,452,733,735,727,732,729,719,703,649,1084,1084,29985,29986,29986,29987,29989,29987,29987,29988]} 1. e4 e5 2. Nf3 Nc6 3. Bb5 a6 4. Ba4 Nf6 5. O-O Be7 6. Re1 b5 7. Bb3 d6 8. c3 O-O 9. h3 Na5 10. Bc2 c5 11. d4 Qc7 12. Nbd2 cxd4 13. cxd4 Nc6 14. Nb3 a5 15. Be3 a4 16. Nbd2 a3 {C99: Closed Ruy Lopez: Chigorin Defence: 11 d4 Qc7 12 Nbd2 cxd4} (16... Bd7 17. Rc1 Qb7 18. a3 Rfe8 19. Bd3 exd4 20. Nxd4 Ne5 21. Bb1 b4 22. f4 Ng6 23. Qf3 bxa3 24. bxa3 Rac8 25. Rxc8 Rxc8 {1-0 (44) Saric,I (2695)-Akopian,V (2650) St Petersburg 2018}) 17. bxa3 Rxa3 {[#]} 18. Rc1 $146 ({Predecessor:} 18. Qc1 Ra5 19. Bb3 Qb7 20. Qb2 exd4 21. Nxd4 Nxd4 22. Bxd4 Be6 23. Bxe6 fxe6 24. e5 {1-0 (54) Kritz,L (2543)-Sorin,A (2509) Mallorca 2004}) 18... Qb8 {White is slightly better.} 19. Bb3 Bb7 20. Qe2 b4 21. d5 (21. Nc4 $16) 21... Na7 $2 (21... Na5 $11) 22. Nb1 ({Better is} 22. Nc4 $18) 22... Ba6 23. Bc4 $36 {[%mdl 2048] White is in control.} Bxc4 24. Qxc4 Rxe3 $2 (24... Ra4 $16) 25. Rxe3 $18 (25. fxe3 $6 Rc8 $18) 25... Bd8 26. Re2 Bb6 {[#] aiming for ...Rc8.} 27. Rec2 h6 28. Nbd2 Nd7 29. Nh4 g6 (29... Nb5 $142 30. Rb2 Bc5) 30. Nb3 Nc5 31. Kh2 (31. Nxc5 $6 Bxc5 32. Qd3 Nb5 $18) 31... Kg7 (31... Qb7 $142 32. Nf3 (32. Nxc5 Bxc5 33. Nf3 Nb5 $18) (32. Qxb4 Nd3 $18) 32... Na6) 32. Nf3 ({Less strong is} 32. Nxc5 Bxc5 33. Nf3 Nb5 $16) 32... Rc8 (32... Nxb3 {keeps fighting.} 33. Qxb3 Nb5 34. Qxb4 Bc5) 33. Qxb4 ({Not} 33. Nxc5 Bxc5 34. Nxe5 Nb5 $18) 33... Nd3 (33... Rd8 $142 34. Nxc5 Bxc5) 34. Rxc8 Nxc8 {[#]} 35. Rxc8 $1 {[%mdl 64] Remove Defender} Qxc8 36. Qxb6 Qc2 37. Nbd2 Qxa2 38. Qxd6 Nxf2 39. Qxe5+ {White mates.} Kh7 40. Qf6 Qa7 41. d6 Nd3 42. Qe7 {Accuracy: White = 57%, Black = 16%.} 1-0

[Event "EYCC Open-U12 2019"]
[Site "Bratislava"]
[Date "2019.08.10"]
[Round "9.14"]
[White "Kvaloy, Aksel Bu"]
[Black "Trost, Edvin"]
[Result "1-0"]
[WhiteElo "2205"]
[BlackElo "2069"]
[Annotator "TA"]
[PlyCount "93"]
[EventDate "2019.08.02"]
[EventType "swiss"]
[EventCountry "SVK"]
[SourceTitle "playchess.com"]
[Source "ChessBase"]
[SourceQuality "1"]

{[%evp 13,93,5,13,-27,-24,-30,0,-14,49,41,35,35,173,178,177,159,164,177,213,221,207,195,207,184,378,390,349,367,364,364,367,392,377,392,384,398,402,387,347,262,373,330,779,376,363,351,786,778,750,750,882,881,846,835,835,866,794,685,862,831,1011,1017,1264,1165,1266,1237,1143,947,29988,29989,29988,1080,1148,989,29995,29996,29996,29990,29990,29991,29991,891]} 1. e4 c5 2. Nf3 e6 3. g3 Nc6 4. Bg2 Nf6 5. Nc3 d6 6. O-O Be7 7. d3 O-O 8. Ng5 {B50: Sicilian: 2...d6, Miscellaneous} h6 9. Nh3 e5 $146 ({Predecessor:} 9... Rb8 10. f4 Nd4 11. Nb1 Bd7 12. c3 Nc6 13. Nd2 Nh7 14. Nf3 f5 15. exf5 exf5 {½-½ (56) Sedlak,N (2537)-Solomunovic,I (2423) Kragujevac 2016}) 10. Be3 {The position is equal.} d5 (10... b5 $11) 11. Nxd5 $14 Nxd5 12. exd5 Nb4 (12... Bxh3 $1 $14 13. Bxh3 Qxd5) 13. c4 $18 Bf5 14. f4 exf4 15. Nxf4 g5 16. a3 {Hoping for Ne2.} Na6 17. Ne2 Bg6 18. g4 h5 $2 (18... Bf6 {might work better.} 19. Nc3 b6) 19. Ng3 h4 20. Nf5 Bxf5 21. Rxf5 ({Don't take} 21. gxf5 Bf6 $18) 21... f6 22. Qd2 Qd7 23. Raf1 Rae8 24. Qf2 b6 25. Kh1 Qd6 26. d4 Nb8 (26... Bd8 {is a better defense.} 27. Qd2 Bc7) 27. Be4 Nd7 $2 {[#]} (27... Bd8) 28. Bb1 (28. Bf4 $142 $1 {[%mdl 512]}) 28... Bd8 29. Qc2 {Intending Rxg5+! and mate.} Re7 $2 (29... Qe7 30. d6 Qg7) 30. dxc5 bxc5 {[#]} 31. Bxg5 $1 {[%mdl 512]} fxg5 32. Rxg5+ Kh8 33. Rxf8+ Nxf8 34. Qc3+ Re5 35. Rxe5 {White wants to mate with Re7+.} Bf6 36. Rh5+ Kg7 37. Qe3 Kf7 38. g5 Bd4 39. g6+ Kg8 40. Qe4 Qf6 41. Rf5 Qg7 42. Qe8 (42. d6 $142 Qh6 43. Qd5+ Kh8 {[#]} 44. Rh5 $1 {[%mdl 512]} Qxh5 45. Qxh5+ Kg7 46. d7 Bf6 47. Qf5) 42... Bf6 43. d6 Kh8 44. Rh5+ {White mates.} Kg8 45. Be4 Qd7 46. Bd5+ Kg7 {[#]} 47. Rh7+ $1 {[%mdl 64] Skewer. Accuracy: White = 67%, Black = 33%.} 1-0

[Event "EYCC Open-U12 2019"]
[Site "Bratislava"]
[Date "2019.08.10"]
[Round "9.15"]
[White "Kuhn, Clement"]
[Black "Pingin, Artem"]
[Result "0-1"]
[WhiteElo "1979"]
[BlackElo "2155"]
[Annotator "TA"]
[PlyCount "98"]
[EventDate "2019.08.02"]
[EventType "swiss"]
[EventCountry "SVK"]
[SourceTitle "playchess.com"]
[Source "ChessBase"]
[SourceQuality "1"]

{[%evp 13,98,25,22,0,14,-9,38,39,28,-64,-29,-31,-29,-41,-38,-150,-58,-29,-33,-48,-63,-66,-72,-230,-194,-354,-219,-229,0,-375,-358,-535,-230,-939,-939,-939,-924,-945,-958,-937,-930,-925,-954,-933,-929,-1200,-918,-1214,-1164,-1285,-1247,-1280,-1290,-29968,-29969,-29983,-29981,-29986,-29987,-29989,-29990,-29989,-29990,-29990,-29983,-29983,-29984,-29984,-29985,-29985,-29986,-29986,-29987,-29987,-29988,-29988,-29987,-29988,-29988,-29988,-29988,-29988,-29989,-29989,-29990,-29991,-29992]} 1. e4 c5 2. Nf3 d6 3. d4 cxd4 4. Nxd4 Nf6 5. Nc3 a6 6. Be3 e5 7. Nb3 Be6 8. h3 {B90: Sicilian Najdorf: Unusual White 6th moves, 6 Be3 Ng4 and 6 Be3 e5} (8. f3 Be7 9. Qd2 O-O 10. O-O-O Nbd7 11. g4 b5 12. g5 Nh5 13. Kb1 Nb6 14. Na5 Rc8 15. a3 g6 16. h4 Ng3 17. Rh2 Nxf1 18. Rxf1 h5 19. Bxb6 Qxb6 20. Nd5 Bxd5 21. exd5 {½-½ (35) Navara,D (2739)-Wojtaszek,R (2722) Prague 2019}) 8... Be7 9. Qf3 Nc6 10. O-O-O {White is slightly better.} Rc8 11. Nc5 $146 (11. g4 $11) ({Predecessor:} 11. Kb1 O-O 12. g4 Na5 13. Nd5 Nc4 14. Bc1 b5 15. g5 Nxd5 16. exd5 {½-½ (118) Heimann,A (2588)-Kantans,T (2504) Dresden 2016}) 11... Qc7 12. Nxe6 fxe6 13. g4 O-O {Strongly threatening ...Nb4.} 14. g5 (14. Kb1 $15) 14... Nb4 ({Black should try} 14... Nd5 $1 $17 15. Qg4 Nxc3 16. Qxe6+ Kh8 17. bxc3 {[#]} Nd4 $1 {[%mdl 512]} 18. Bxd4 exd4) 15. gxf6 $15 {And now Kb1 would win.} Nxa2+ $1 {[%mdl 64] [#] Double Attack} 16. Kb1 Nxc3+ 17. bxc3 Qxc3 18. Bd3 $2 (18. Qe2 $17 {is the only way for White.} Qb4+ {[%mdl 64] Double Attack} 19. Kc1) 18... Qb4+ ({Worse is} 18... Bxf6 19. Bd2 $11) 19. Ka1 $2 (19. Kc1) 19... Qa3+ ({Less strong is} 19... Bxf6 20. Qg4 $17) 20. Kb1 Qb4+ ({Inferior is} 20... Bxf6 21. Bc1 $11) (20... Rxf6 $142 21. Qg3 Qb4+ 22. Kc1 Rg6) 21. Ka1 $1 $19 Rxf6 22. Qe2 (22. Qg4 {was necessary.} Rc3 23. Bc1) 22... d5 $40 {[%mdl 128] Black has strong attack.} (22... Rc3 $142 {[%cal Rc3a3]} 23. Bc1 d5) 23. Bc1 $2 (23. c4) 23... Bc5 24. c3 Qxc3+ 25. Bb2 Qa5+ 26. Kb1 Rxf2 27. exd5 Rxe2 28. Bxe2 Bd4 29. Bg4 Qxd5 {( -> ...Qe4+)} 30. Rhe1 Rc6 31. Re2 Qb3 32. Rdd2 g6 33. h4 h5 {Black mates.} 34. Bxe6+ Qxe6 35. Bxd4 Qf5+ 36. Ka2 exd4 37. Re8+ Kf7 38. Ree2 d3 39. Rf2 Rc2+ 40. Rxc2 dxc2 41. Rxf5+ gxf5 {[%mdl 4096] Endgame KP-KP} 42. Kb2 Kf6 43. Kxc2 Ke5 44. Kd3 Kf4 45. Ke2 Kg3 46. Kf1 a5 {[%cal Ba6a5,Ba5a4][%mdl 32]} 47. Ke2 a4 48. Kd2 f4 49. Kd1 f3 {Accuracy: White = 24%, Black = 45%.} 0-1